00781nam a2200181 a 450000100100000000500170001000800410002704000250006808200160009324500460010926000420015530000310019704900090022895201150023795201150035295201150046799900170058200002646320200930030234.0110318s2010 dr c 000 0 spa d aDO-SdBNPbspacBNPHU axxxxbB111i00aPhoto imagen'08 :brituales de identidad. aSanto Domingo :bAlfa y Omega,c2010. a[96 p.] :bretr. ;c21 cm. aBNPD 00107-18PDaGRbGRcOId2011-03-18iLF1l0oxxxx B111ip26463-30r2020-06-25w2020-06-25yLFPDZNo se presta 00107-18PDaPDbPDcOId2011-03-18iLF1l0oxxxx B111ip26463-10r2020-06-25w2020-06-25yLFPDZNo se presta 00107-18PDaPDbPDcOId2011-03-18iLF1l0oxxxx B111ip26463-20r2020-06-25w2020-06-25yLFPDZNo se presta c25955d25955